000 00445nam a2200181Ia 4500
003 GCL
008 140319s9999 xx 000 0 eng d
040 _aGCL /
_cGCL
082 0 4 _a759
_bM A
100 1 _aMCKENZE, JANET
245 1 0 _aARTHUR BOYDAT BUNDANON /
_cMCKENZE, JANET
260 _a[S.N] :
_bACADEMY EDITIONS ،
_c1994
300 _a128.P
650 0 4 _aDESIGNERS
650 0 4 _aPAINTERS
650 0 4 _aBOGD, ARTHUR
942 _2ddc
_cBK
999 _c11983
_d11983